000 00374nam a22001577a 4500
003 SGT
020 _a9788179771624
082 _a301
100 _a DEVI, ASHAPURNA
245 _aSANKEBITE THE DISTANT WINDOW
260 _aNEW DELHI
_bPRACHI PRAKASHAN
_c1983
300 _a220
650 _aMASS COMMUNICATION
653 _aSANKEBITE THE DISTANT WINDOW
942 _2ddc
_cBK
999 _c12794
_d12794